000 00312 a2200133 4500
005 20250526133832.0
020 _a0-7715-0872-7
082 _a658.8 FRA
100 _aFRASER, R. G.
245 _aMarketing.
260 _aAgincourt,
_bGage,
_c1977.
300 _a200p.: ill.; picture
_bIndex
_c23cm.
942 _2ddc
_cBKS
999 _c2672
_d2672